Segunda parte de las comedias / (Registro nro. 180319)

Detalles MARC
000 -LEADER
campo de control de longitud fija 01313nam a2200265 i 4500
001 - NÚMERO DE CONTROL
campo de control 180319
003 - IDENTIFICADOR DE NÚMERO DE CONTROL
campo de control ES-MaACL
005 - FECHA Y HORA DE LA ÚLTIMA TRANSACCIÓN
campo de control 20240529101717.0
008 - DATOS DE LONGITUD FIJA--INFORMACIÓN GENERAL
campo de control de longitud fija 120528s2005 sp | |||| ||spa d
020 ## - NÚMERO INTERNACIONAL ESTÁNDAR DEL LIBRO
Número Internacional Estándar del Libro 84-96452-04-2
080 ## - NÚMERO DE LA CLASIFICACIÓN DECIMAL UNIVERSAL
Número de la Clasificación Decimal Universal 821.134.2-22"16"
100 1# - ENTRADA PRINCIPAL--NOMBRE DE PERSONA
Nombre de persona Molina, Tirso de,
Fechas asociadas al nombre 1579-1648
9 (RLIN) 226522
245 10 - MENCIÓN DEL TÍTULO
Título Segunda parte de las comedias /
Mención de responsabilidad, etc. Tirso de Molina ; [edición de Mª del Pilar Palomo e Isabel Prieto ; prólogo de Mª del Pilar Palomo].
260 ## - PUBLICACIÓN, DISTRIBUCIÓN, ETC.
Lugar de publicación, distribución, etc. Madrid :
Nombre del editor, distribuidor, etc. Fundación José Antonio de Castro,
Fecha de publicación, distribución, etc. [2005]
300 ## - DESCRIPCIÓN FÍSICA
Extensión XXX, 1123 p. ;
Dimensiones 23 cm.
490 1# - MENCIÓN DE SERIE
Mención de serie Biblioteca Castro
490 1# - MENCIÓN DE SERIE
Mención de serie Obras completas de Tirso de Molina ;
Designación de volumen o secuencia 4
505 8# - NOTA DE CONTENIDO CON FORMATO
Nota de contenido con formato Contiene: La Reina de los Reyes. Amor y celos hacen discretos. Quien habló pagó. Siempre ayuda la verdad. Los amantes de Teruel. Por el sótano y el torno. Cautela contra cautela. La mujer por fuerza. El condenado por desconfiado. Próspera fortuna de don Álvaro de Luna y adversa de Ruy López Dávalos. Adversa fortuna de don Álvaro de Luna. Esto sí que es negociar
700 1# - ENTRADA AGREGADA--NOMBRE PERSONAL
Nombre de persona Palomo, María del Pilar,
Fechas asociadas al nombre 1933-
9 (RLIN) 144616
700 1# - ENTRADA AGREGADA--NOMBRE PERSONAL
Nombre de persona Prieto, Isabel.
9 (RLIN) 150141
830 0# - PUNTO DE ACCESO ADICIONAL DE SERIE-TÍTULO UNIFORME
Título uniforme Biblioteca Castro
9 (RLIN) 178957
830 0# - PUNTO DE ACCESO ADICIONAL DE SERIE-TÍTULO UNIFORME
Título uniforme Obras completas de Tirso de Molina ;
Designación de volumen o secuencia 4
9 (RLIN) 191247
852 ## - LOCALIZACIÓN
Ubicación ES-MaACL
Número de control de estantería L-29899
Existencias
Estatus retirado Estado de pérdida Estado de daño No para préstamo Biblioteca de origen Biblioteca actual Ubicación en estantería Fecha de adquisición Fuente de adquisición Total de préstamos Signatura topográfica completa Código de barras Visto por última vez Precio de reemplazo Tipo de ítem Koha
        Biblioteca del Ateneo de Madrid Biblioteca del Ateneo de Madrid Depósito 2 28/05/2012     L-29899 1189474 23/02/2023 23/02/2023 Libro impreso